000 00279nam a22001217a 4500
008 180605b xxu||||| |||| 00| 0 eng d
041 _aeng
080 _a043.3
100 _a0
101 _aSHKI-BA
245 _aVPN (Virtual Private Networking)
_cGjumshiti, M
942 _2udc
_cBK
999 _c46344
_d46344